Espectroscopia ultravioleta y visible /

Uloženo v:
Podrobná bibliografie
Hlavní autor: Rao, C.N.R (autor)
Médium: Kniha
Jazyk:španělština
Vydáno: Madrid, España : Alhambra, 1970, c1970
Edice:(Exedra ; Sección Fisicoquímica ; 65. 12)
Témata:
Tagy: Přidat tag
Žádné tagy, Buďte první, kdo vytvoří štítek k tomuto záznamu!

MARC

LEADER 00000nam^a2200000^a^4500
001 000005306
005 20250521000000.0
009 20260310083338.358
037 |a Acervo ITESO - Biblioteca 
041 |a ESP 
082 |a 544.  |b RAO 
100 |a Rao, C.N.R.  |e (autor) 
245 1 0 |a Espectroscopia ultravioleta y visible /  |c C.N.R. Rao. 
264 4 |a Madrid, España :  |b Alhambra,  |c 1970, c1970 
300 |a 291 p. 
336 |a texto  |b txt  |2 rdacontenido 
337 |a sin mediación  |b n  |2 rdamedio 
338 |a volumen  |b nc  |2 rdasoporte 
440 1 |a (Exedra ;  |v 65.  |p Sección Fisicoquímica ;  |v 12) 
500 |a Traducción de: Ultra-Violet and Visible Spectroscopy 
649 |a XX 
650 |a Espectro Ultravioleta -  |x Tema Principal 
650 |a Análisis Espectroscópico -  |x Tema Principal 
650 |a Química Analítica 
910 |a Fondo General 
920 |a Impresos - Libros 
930 |a Colección General 
905 |a 101 
901 |a 0053060100  |b IT1  |c ACC  |i 005306  |u 20250521 
902 |a https://opac.biblio.iteso.mx/vufind/Record/000005306